Boston Sports Championships - Statistics

General Stats
  • This quiz has been taken 44 times
  • The average score is 36 of 39
Answer Stats
Team Year % Correct
Patriots 2002
100%
Patriots 2004
100%
Red Sox 2004
100%
Patriots 2005
100%
Red Sox 2018
100%
Patriots 2019
100%
Celtics 2024
100%
Red Sox 2007
97%
Celtics 2008
97%
Bruins 2011
97%
Red Sox 2013
97%
Patriots 2015
97%
Patriots 2017
97%
Celtics 1962
95%
Celtics 1963
95%
Celtics 1964
95%
Celtics 1965
95%
Celtics 1966
95%
Celtics 1968
95%
Celtics 1969
95%
Celtics 1986
95%
Celtics 1961
92%
Bruins 1970
92%
Celtics 1974
92%
Red Sox 1912
89%
Red Sox 1915
89%
Bruins 1941
89%
Celtics 1957
89%
Celtics 1959
89%
Celtics 1960
89%
Bruins 1972
89%
Celtics 1976
89%
Celtics 1981
89%
Celtics 1984
89%
Red Sox 1916
87%
Red Sox 1918
87%
Bruins 1929
87%
Bruins 1939
87%
Red Sox 1903
84%
No matching quizzes found
Score Distribution
Percent of People with Each Score
Percentile by Number Answered
Your Score History
You have not taken this quiz